000 00511nam a2200205Ia 4500
008 240510s9999 xx 000 0 und d
020 _a0000830617337
041 _aEng
082 _a005.26
082 _bT29
100 _aTAYLOR C.F.
245 4 _aTHE MASTER HAND BOOK OF HIGH LEVEL MICRO COMPUTER LANGUAGES
250 _a1st ed.
260 _bU.S.A. : TAB BOOKS
260 _c1984
300 _a357 p.
650 _aCOMPUTER SCIENCE : COMPUTING : MICRO COMPUTER
942 _2ddc
942 _cLBK
999 _c26083
_d26083
945 _a1
_bMadushi Gamage
_c1
_dMadushi Gamage